Countries with the most peat bogs - Statistics

General Stats
  • This quiz has been taken 24 times
  • The average score is 11 of 13
Answer Stats
million hectares Country % Correct
139 Russia
100%
111,3 Canada
95%
2,75 UK
95%
62,5 USA
95%
5,3 China
91%
8,9 Finland
91%
1,3 Germany
91%
6,6 Sweden
91%
1,18 Ireland
86%
1,25 Poland
86%
2,35 Belarus
82%
20,69 Indonesia
45%
2,5 Malaysia
36%
No matching quizzes found
Score Distribution
Percent of People with Each Score
Percentile by Number Answered
Your Score History
You have not taken this quiz